000 00985naa a22002777a 4500
001 BR8706919
003 BR-BrBNA
005 20240918175857.0
007 ta
008 230509b bl.||||| |||| 00| 0 por d
040 _aBR-BrBNA
_bpor
_cBiblioteca Nacional de Agricultura
041 _a(Pt)
072 _aH10
_b4020
_b0180
090 _aH10 BR8706919
100 1 _aSilva, M.T.B. da
111 1 _a14. Reuniao Nacional de Pesquisa de Trigo
_cLondrina, PR (Brazil)
_d21-25 Jul 1986
245 1 _aControle quimico do pulgao da folha na cultura do trigo
260 3 _aCruz Alta, RS (Brasil):
_c1986.
500 _aTrigo e triticale. Resultados de pesquisa 1985 Cruz Alta, RS (Brasil): 1986. p. 129-136 (BR8706919-AM)H10
650 _aTRIGO
650 _aPULGAO
650 _aCONTROLE QUIMICO
773 0 _tTrigo e triticale. Resultados de pesquisa 1985
_wH10 BR8706919
_gCruz Alta, RS (Brasil), 1986. p. 129-136
909 _a202404
_bLucia
_c55
_dLucia Elande
942 _cAM
_2AGRIS
999 _c318554
_d318554